000
00245nam a2200109Ia 4500
008
190216s9999||||xx |||||||||||||| ||und||
100
_a
David Selboerne
245
3
_a
An Eye To India
260
_b
Penguin Books
650
_a
English
942
_c
BK
999
_c
12852
_d
12852